[Event "Master Open"]
[Site "Voronezh"]
[Date "2018.06.15"]
[Round "4.5"]
[White "Triapishko, Alexandr"]
[Black "Pridorozhni, Aleksei"]
[Result "1/2-1/2"]
[WhiteElo "2513"]
[BlackElo "2589"]
[Annotator ""]
[Source ""]
[Remark ""]

1.e4 e5 2.Bc4 Nf6 3.d3 Nc6 4.Nf3 Be7 5.O-O O-O 6.Re1 d6 7.a4
Be6 8.Bxe6 fxe6 9.c3 Kh8 10.b4 a6 11.Nbd2 Nh5 12.Nf1 Nf4 13.g3
Nh3+ 14.Kg2 Ng5 15.Bxg5 Bxg5 16.h4 Bf6 17.Ne3 a5 18.b5 Nb8 19.d4
Nd7 20.Qc2 Qe8 21.Rad1 Qf7 22.Ng4 Qg6 23.Ngh2 Qf7 24.Ng4 Qg6
25.Ngh2 Qf7 26.Ng4 Qg6 1/2-1/2

[Event "Master Open"]
[Site "Voronezh"]
[Date "2018.06.15"]
[Round "4.6"]
[White "Belyakov, Bogdan"]
[Black "Timofeev, Artyom"]
[Result "1/2-1/2"]
[WhiteElo "2490"]
[BlackElo "2583"]
[Annotator ""]
[Source ""]
[Remark ""]

1.e4 e5 2.Nf3 Nf6 3.Nc3 Nc6 4.d4 exd4 5.Nxd4 Bb4 6.Nxc6 bxc6
7.Bd3 O-O 8.O-O d5 9.exd5 cxd5 10.Bg5 c6 11.Qf3 Re8 12.h3 Rb8
13.Ne2 Be7 14.b3 Ne4 15.Bf4 Rb6 16.Rad1 Nc5 17.Be3 Rb7 18.Nd4
Qd6 19.Nf5 Bxf5 20.Bxc5 Qxc5 21.Qxf5 g6 22.Qe5 Rd8 23.Rfe1 Rd6
24.Qg3 Rf6 25.Re2 a5 26.c4 Kg7 27.cxd5 cxd5 28.Rc2 Qa7 29.Qe5
Bc5 30.Rf1 Rd7 31.Bb5 Bd4 32.Qe2 Re7 33.Qd2 Re5 34.Bd3 Qb6 35.Qd1
h5 36.Rd2 Bc5 37.Qa1 Bd4 38.Qd1 Rg5 39.Bc2 Rf4 40.Kh1 h4 41.f3
Re5 42.Re1 Rxe1+ 43.Qxe1 Bc3 44.Qf2 Qe6 45.Re2 Qf6 46.Qc5 Bb4
47.Qg1 Rd4 48.Qa1 Bd6 49.Kg1 Bc5 50.Kf1 Bb4 51.Re3 Bd6 52.Rd3
Be5 53.Rxd4 Bxd4 54.Qe1 Qf4 55.Ke2 Bf6 56.Qd2 Qh2 57.Kd3 Qg1
58.Bd1 Be5 59.a4 Bg3 60.f4 Qf1+ 61.Kc2 Bxf4 62.Qc3+ f6 63.Qf3
Qxf3 64.Bxf3 d4 65.Kd3 Be5 66.Kc4 f5 67.b4 axb4 68.Kxb4 Bb8 69.Kc4
Ba7 70.Kd3 Kf6 71.Bc6 Ke7 72.Ke2 g5 73.Kf3 d3 74.Bb5 d2 75.Ke2
Be3 76.a5 g4 77.hxg4 fxg4 78.Ba4 h3 79.gxh3 gxh3 80.Kf3 h2 81.Kg2
Bf4 82.a6 Bb8 83.a7 Bxa7 84.Kxh2 1/2-1/2

[Event "Master Open"]
[Site "Voronezh"]
[Date "2018.06.15"]
[Round "4.7"]
[White "Chigaev, Maksim"]
[Black "Kozionov, Kirill"]
[Result "1/2-1/2"]
[WhiteElo "2577"]
[BlackElo "2456"]
[Annotator ""]
[Source ""]
[Remark ""]

1.e4 c5 2.Nf3 d6 3.d4 cxd4 4.Nxd4 Nf6 5.Nc3 a6 6.Be3 e6 7.f3
b5 8.Qd2 Nbd7 9.g4 h6 10.O-O-O b4 11.Na4 d5 12.exd5 Nxd5 13.Bc4
N7f6 14.Nb3 Qc7 15.Bc5 Bd7 16.Bxf8 Kxf8 17.Nac5 a5 18.Nxd7+ Qxd7
19.Qd4 Qc7 20.h4 Rc8 21.Nd2 a4 22.g5 Nh5 23.Kb1 Ng3 24.Rhe1 Nf5
25.Qd3 Nde3 26.Rxe3 Rd8 27.Qxd8+ Qxd8 28.Rd3 Qb6 29.Ne4 g6 30.Rd7
Ne3 31.R1d6 Nxc4 32.Rxb6 Nxb6 33.Rd8+ Kg7 34.Rxh8 Kxh8 35.a3
bxa3 36.b3 axb3 37.cxb3 Nd7 38.Ka2 Ne5 39.b4 Nc4 40.b5 Kg7 41.Nd2
Nb6 42.Kxa3 hxg5 43.hxg5 f6 44.Kb4 fxg5 45.Ne4 Nd7 1/2-1/2

[Event "Master Open"]
[Site "Voronezh"]
[Date "2018.06.15"]
[Round "4.8"]
[White "Kabanov, Nikolai"]
[Black "Bocharov, Dmitry"]
[Result "1/2-1/2"]
[WhiteElo "2468"]
[BlackElo "2576"]
[Annotator ""]
[Source ""]
[Remark ""]

1.e4 c5 2.c3 Nf6 3.e5 Nd5 4.Nf3 d6 5.Bc4 dxe5 6.Nxe5 e6 7.d4
cxd4 8.Qxd4 Be7 9.Bb5+ Kf8 10.Nd2 f6 11.Nd3 Nc7 12.Qxd8+ Bxd8
13.Bc4 Nc6 14.a4 b6 15.O-O Be7 16.b4 Bd7 17.Nb3 e5 18.Rd1 Be6
19.Bxe6 Nxe6 20.b5 Ncd8 21.a5 Rc8 22.axb6 axb6 23.Be3 Rxc3 24.Ndc1
Rc8 25.Ra7 Nc7 26.Rd7 Nxb5 27.Rxe7 Nxa7 28.Rxa7 Nc6 29.Ra6 b5
30.Rb6 Kf7 31.Rxb5 Rb8 32.Rc5 Rhc8 33.g3 Ne7 34.Ra5 Nf5 35.Ra7+
Kg6 36.Bc5 Rb5 37.Ba3 h5 38.h3 Rc3 39.Nd2 Rd5 40.Ncb3 e4 41.Bf8
Rd8 42.Bb4 Rc2 43.Rb7 e3 44.fxe3 Nxe3 45.Be7 Rd3 46.Bf8 Kf5 1/2-1/2

[Event "Master Open"]
[Site "Voronezh"]
[Date "2018.06.15"]
[Round "4.9"]
[White "Drygalov, Andrey"]
[Black "Tsydypov, Zhamsaran"]
[Result "1/2-1/2"]
[WhiteElo "2435"]
[BlackElo "2522"]
[Annotator ""]
[Source ""]
[Remark ""]

1.d4 Nf6 2.c4 e6 3.Nf3 d5 4.Nc3 Bb4 5.cxd5 exd5 6.Bg5 h6 7.Bh4
O-O 8.e3 Bf5 9.Qb3 Bxc3+ 10.bxc3 Nbd7 11.Be2 c5 12.O-O g5 13.Bg3
Ne4 14.Qxd5 Nxc3 15.Qxf5 Nxe2+ 16.Kh1 Nxg3+ 17.fxg3 Qe7 18.dxc5
Nxc5 19.Nd4 Rae8 20.Qh3 Kh7 21.Qf5+ Kg8 22.Qc2 b6 23.Nf5 Qf6
24.g4 Rd8 25.h3 Rd3 26.Rad1 Rfd8 27.Rxd3 Rxd3 28.Qc4 Rd7 29.Qc2
Kh8 30.Qc4 Kh7 31.Qc2 Kh8 32.Qc4 Kh7 33.Qc2 1/2-1/2

[Event "Master Open"]
[Site "Voronezh"]
[Date "2018.06.15"]
[Round "4.10"]
[White "Afanasiev, Nikita"]
[Black "Demidov, Mikhail"]
[Result "1/2-1/2"]
[WhiteElo "2460"]
[BlackElo "2513"]
[Annotator ""]
[Source ""]
[Remark ""]

1.e4 e6 2.d4 d5 3.Nc3 dxe4 4.Nxe4 Bd7 5.Nf3 Bc6 6.Bd3 Nd7 7.O-O
Bxe4 8.Bxe4 c6 9.c3 Ngf6 10.Bc2 g6 11.Bf4 Bg7 12.a4 O-O 13.Re1
Re8 14.Qe2 a5 15.h3 Qb6 16.Bd3 Nd5 17.Bh2 Bh6 18.Bc4 Qd8 19.Qe4
N7f6 20.Qh4 Bg7 21.Ne5 Nd7 22.Qxd8 Rexd8 23.Nd3 Bf8 24.Bg3 Ne7
25.Bh4 Re8 26.Ne5 Nxe5 27.Rxe5 Nd5 28.Re2 Bd6 29.Bg5 Bf4 30.Bxd5
Bxg5 31.Bf3 Bf6 32.g3 Red8 33.h4 h5 34.Ra3 Rac8 35.Rb3 Rd7 36.Rb6
Kg7 37.Kg2 Re8 38.Kf1 Ree7 39.Re4 e5 40.dxe5 Bxe5 41.Rb3 Bd6
42.Rxe7 Bxe7 43.Ke2 Bc5 44.Ke1 f5 45.Be2 Kf6 46.f4 Ke7 47.c4
Bd4 48.Kf1 Kd8 49.Ke1 Kc7 50.Kf1 Re7 51.Ke1 Kd6 52.Kd2 Kc5 53.Bf1
Bf2 54.Rf3 Bd4 55.Rb3 b6 56.Be2 Bf2 57.Rf3 Rd7+ 58.Kc2 Bd4 59.Rb3
Rd6 60.Bf1 Re6 61.Kd2 Bf2 62.Be2 Rd6+ 63.Kc2 Rd8 64.Rf3 Bg1 65.Rb3
Rd7 66.Bf1 Rd4 67.Be2 Re4 68.Kd2 Bf2 69.Rf3 Bd4 70.Rb3 Re6 71.Bf1
Bf2 72.Be2 Rd6+ 73.Kc2 Be1 74.Re3 Rd2+ 75.Kc1 Rd4 76.Bd3 Bf2
77.Rf3 Bg1 78.Kc2 Rd6 79.Be2 Re6 80.Kd2 Kb4 81.b3 Bd4 82.Bf1
Rd6 83.Kc2 Bc5 84.Be2 Ka3 85.Bd1 Ka2 86.Be2 Re6 87.Bd3 Ka3 88.Bf1
Re1 89.Bd3 Kb4 90.Kd2 Rg1 91.Bf1 Rh1 92.Be2 Bd4 93.c5 Bxc5 94.Bc4
Rh2+ 95.Kd1 Rf2 96.Rd3 Rg2 97.Bf7 Bf2 98.Bxg6 Bxg3 99.Bxf5 Bxh4
100.Be4 Rg4 101.Bxc6 Rxf4 102.Be8 Bf6 103.Bxh5 Bc3 104.Bf3 Kxb3
105.Bc6 1/2-1/2

[Event "Master Open"]
[Site "Voronezh"]
[Date "2018.06.15"]
[Round "4.32"]
[White "Drygalov, Sergey"]
[Black "Gurvich, Vitaly"]
[Result "1-0"]
[WhiteElo "2428"]
[BlackElo "2305"]
[Annotator ""]
[Source ""]
[Remark ""]

1.d4 Nf6 2.c4 e6 3.Nf3 d5 4.Nc3 Be7 5.Bf4 O-O 6.e3 c5 7.dxc5
Bxc5 8.a3 dxc4 9.Bxc4 a6 10.Bd3 Bd7 11.O-O Nc6 12.e4 h6 13.e5
Nd5 14.Nxd5 exd5 15.Bb1 Ne7 16.Bxh6 Qb6 17.Bc1 a5 18.Bd3 Rac8
19.Rb1 a4 20.b4 axb3 21.Rxb3 Ba4 22.Rxb6 Bxd1 23.Rxb7 Bxf3 24.gxf3
Nc6 25.f4 Na5 26.Rb5 Nc4 27.a4 Rfd8 28.Rd1 Be7 29.Kf1 g6 30.Rb7
Bf8 31.Be2 Ra8 32.Rc7 Nb6 33.Be3 Nxa4 34.Bf3 Ra5 35.f5 gxf5 36.Bh5
Bg7 37.Bxf7+ Kh8 38.e6 Nb2 39.e7 Rb8 40.Rxd5 Rxd5 41.Bxd5 1-0

[Event "Master Open"]
[Site "Voronezh"]
[Date "2018.06.15"]
[Round "4.33"]
[White "Palachev, Petr"]
[Black "Solozhenkina, Elizaveta"]
[Result "1/2-1/2"]
[WhiteElo "2405"]
[BlackElo "2258"]
[Annotator ""]
[Source ""]
[Remark ""]

1.c4 e5 2.Nc3 Nf6 3.Nf3 Nc6 4.e3 Bb4 5.Qc2 O-O 6.Nd5 Be7 7.a3
a5 8.b3 e4 9.Ng1 d6 10.Bb2 Be6 11.Ne2 a4 12.bxa4 Bxd5 13.cxd5
Nxd5 14.Ng3 Nb6 15.Bb5 d5 16.O-O Bf6 17.Bxf6 Qxf6 18.Rac1 g6
19.Bxc6 Qxc6 20.Qxc6 bxc6 21.Rxc6 Rxa4 22.Rxc7 Rxa3 23.Rb1 Rc8
24.Rxc8+ Nxc8 25.f3 Nd6 26.Rb8+ Kg7 27.Rd8 Ra6 28.Kf1 h5 29.Ne2
Kf6 30.Nf4 Ke7 31.Rb8 Ra5 32.Rb4 Kf6 33.Rb6 Ke7 34.h4 Nf5 35.Rb7+
Ke8 36.Rb8+ Ke7 37.Rb7+ Ke8 38.Rb8+ Ke7 39.Rb7+ Ke8 40.Rb8+ Ke7 1/2-1/2

[Event "Master Open"]
[Site "Voronezh"]
[Date "2018.06.15"]
[Round "4.34"]
[White "Parfenov, Viktor N."]
[Black "Rodin, Dmitrij"]
[Result "0-1"]
[WhiteElo "2247"]
[BlackElo "2402"]
[Annotator ""]
[Source ""]
[Remark ""]

1.d4 Nf6 2.c4 e6 3.g3 d5 4.Nf3 Bb4+ 5.Bd2 Bd6 6.Nc3 O-O 7.Bg5
c6 8.e4 dxe4 9.Nxe4 Bb4+ 10.Nc3 h6 11.Bd2 c5 12.a3 Bxc3 13.Bxc3
Ne4 14.Qc2 Nxc3 15.Qxc3 cxd4 16.Qxd4 Nc6 17.Qc3 e5 18.Bg2 Be6
19.O-O Qc7 20.b4 Rad8 21.Rfe1 f6 22.Rad1 Rxd1 23.Rxd1 Rd8 24.Rd2
Rxd2 25.Nxd2 Nd4 26.Qd3 b6 27.f4 a5 28.fxe5 Qxe5 29.bxa5 bxa5
30.Nf3 Nxf3+ 31.Bxf3 Qa1+ 32.Kf2 Qb2+ 33.Be2 Kf7 34.Qd6 Bg4 35.Qd5+
Kg6 36.Qe4+ f5 37.Qe3 Kf6 38.a4 g5 39.Qd3 Qxe2+ 40.Qxe2 Bxe2
41.Kxe2 Ke5 42.Ke3 h5 43.h3 h4 44.gxh4 gxh4 45.Kf3 Kd4 46.Kf4
Kxc4 47.Kg5 Kb4 48.Kxh4 Kxa4 49.Kg5 Kb5 50.h4 a4 51.h5 a3 0-1

[Event "Master Open"]
[Site "Voronezh"]
[Date "2018.06.15"]
[Round "4.35"]
[White "Nozdrachev, Leonid"]
[Black "Shemyakin, Valeriy"]
[Result "1/2-1/2"]
[WhiteElo "2400"]
[BlackElo "2229"]
[Annotator ""]
[Source ""]
[Remark ""]

1.d4 Nf6 2.c4 e6 3.Nc3 Bb4 4.e3 c5 5.Bd3 O-O 6.Nf3 Nc6 7.O-O
d6 8.Qc2 Qe7 9.dxc5 dxc5 10.Ne4 h6 11.b3 Nxe4 12.Bxe4 Bd7 13.Bxc6
Bxc6 14.Bb2 Bxf3 15.gxf3 Rad8 16.Rad1 Rxd1 17.Rxd1 Rd8 18.Rxd8+
Qxd8 19.Qe4 Qg5+ 20.Kf1 Qf5 21.Qxf5 exf5 22.e4 fxe4 23.fxe4 g6
24.Ke2 f5 25.a3 Ba5 26.Bc1 Bc7 27.Kf3 Kg7 28.h3 Bd6 29.Bd2 a6
30.Ba5 Kf6 31.Bc3+ Be5 32.Ba5 Bb2 33.a4 Bd4 34.exf5 Kxf5 35.Bb6
Ke5 36.Ba7 Kd6 37.b4 Kc6 38.b5+ Kc7 39.a5 Kd6 40.Ke2 Ke5 41.Bb8+
Kf5 42.Bd6 g5 1/2-1/2

[Event "Master Open"]
[Site "Voronezh"]
[Date "2018.06.15"]
[Round "4.36"]
[White "Sinitsina, Anastassia"]
[Black "Polschikov, Alexey"]
[Result "0-1"]
[WhiteElo "2009"]
[BlackElo "2398"]
[Annotator ""]
[Source ""]
[Remark ""]

1.e4 c5 2.Nf3 Nc6 3.d4 cxd4 4.Nxd4 e5 5.Nb5 d6 6.N1c3 a6 7.Na3
Be7 8.Nc4 b5 9.Ne3 Nf6 10.g3 O-O 11.Bg2 Nd4 12.Ncd5 Bb7 13.c3
Ne6 14.O-O Nxd5 15.Nxd5 Nc7 16.Nxe7+ Qxe7 17.Qb3 Ne6 18.Rd1 Bc6
19.Be3 Rfd8 20.Qa3 Nf8 21.Bb6 Rd7 22.Rd2 Ne6 23.Rad1 Nc5 24.Bxc5
dxc5 25.Rxd7 Bxd7 26.Rd5 Be6 27.Qxc5 Qxc5 28.Rxc5 f6 29.b3 Rd8
30.h3 Rd1+ 31.Kh2 Rd2 32.Rc6 Bd7 33.Rxa6 Rxf2 34.b4 Rc2 35.Ra3
Be6 36.Kg1 Bc4 37.h4 h5 38.Bf3 g6 39.g4 hxg4 40.Bxg4 Kg7 41.Bd7
Bd3 42.Bc6 Kh6 43.Bd5 Kh5 44.Ra6 f5 45.Bb3 Rb2 46.Rd6 fxe4 47.Rd5
Kxh4 48.Rxe5 Kg4 49.c4 Kf4 50.Rxb5 e3 51.Rb6 Rb1+ 0-1

[Event "Master Open"]
[Site "Voronezh"]
[Date "2018.06.15"]
[Round "4.37"]
[White "Shubin, Kirill"]
[Black "Kyshtymov, Daniil"]
[Result "1-0"]
[WhiteElo "2391"]
[BlackElo "2032"]
[Annotator ""]
[Source ""]
[Remark ""]

1.e4 e6 2.d4 d5 3.Nc3 Bb4 4.e5 Ne7 5.a3 Bxc3+ 6.bxc3 c5 7.Qg4
cxd4 8.Bd3 Qa5 9.Rb1 Qxc3+ 10.Bd2 Qc7 11.Nf3 Ng6 12.O-O Nc6 13.Rfe1
Bd7 14.Bb4 Nxb4 15.Rxb4 O-O-O 16.Qxd4 Kb8 17.Reb1 Bc8 18.a4 Ne7
19.Rb5 Ka8 20.a5 Nc6 21.Qc3 d4 22.Qc4 Rd5 23.Be4 Rxb5 24.Rxb5
Bd7 25.Nxd4 Rc8 26.Rc5 Kb8 27.h3 a6 28.Bxc6 Bxc6 29.Nxc6+ bxc6
30.Qxa6 Qa7 31.Qc4 Kb7 32.Qd4 Rc7 33.Qc3 Qa6 34.Rc4 Kc8 35.Rb4
Rb7 36.Rc4 Kd7 37.Rd4+ Kc7 38.Qc5 Rb1+ 39.Kh2 Kb7 40.Rd8 Qf1
41.Rd7+ 1-0

[Event "Master Open"]
[Site "Voronezh"]
[Date "2018.06.15"]
[Round "4.38"]
[White "Khokhlova, Daria"]
[Black "Salemgareev, Tagir"]
[Result "0-1"]
[WhiteElo "2198"]
[BlackElo "2387"]
[Annotator ""]
[Source ""]
[Remark ""]

1.d4 Nf6 2.c4 e6 3.Nc3 d5 4.Nf3 a6 5.a4 Bb4 6.e3 O-O 7.Bd3 b6
8.O-O Bb7 9.cxd5 exd5 10.Ne5 c5 11.Bd2 Nc6 12.Ne2 Bxd2 13.Nxc6
Bxc6 14.Qxd2 c4 15.Bc2 Qd6 16.Ng3 g6 17.f3 Rfe8 18.Rfe1 Re7 19.e4
dxe4 20.fxe4 Rae8 21.d5 Bd7 22.Rf1 Ng4 23.Rae1 f5 24.Bd1 Rxe4
25.Bxg4 Rxg4 26.Rxe8+ Bxe8 27.a5 bxa5 28.Qxa5 Rd4 29.Qe1 Bf7
30.Qf2 Qxd5 31.Re1 a5 32.Nf1 Rd3 33.Qb6 Qd4+ 34.Qxd4 Rxd4 35.Re5
Rd1 36.Kf2 a4 37.Ra5 Rb1 38.Rxa4 Rxb2+ 39.Kg3 g5 40.h4 h6 41.hxg5
hxg5 42.Ra5 Be6 43.Kf3 Kg7 0-1

[Event "Master Open"]
[Site "Voronezh"]
[Date "2018.06.15"]
[Round "4.39"]
[White "Karpenko, Artem"]
[Black "Volovich, Vasily"]
[Result "1-0"]
[WhiteElo "2374"]
[BlackElo "2244"]
[Annotator ""]
[Source ""]
[Remark ""]

1.d4 e6 2.c4 f5 3.g3 Nf6 4.Bg2 Be7 5.Nh3 O-O 6.O-O d6 7.Nc3 e5
8.dxe5 dxe5 9.Qxd8 Bxd8 10.e4 c6 11.Bd2 Na6 12.Ng5 Nc5 13.exf5
Bxf5 14.b4 Nd3 15.Nce4 Be7 16.Rab1 h6 17.Nxf6+ gxf6 18.Ne4 Kg7
19.a4 Rfd8 20.Bc3 Be6 21.Nd2 Rab8 22.Rfd1 Kf7 23.Bf1 Rd7 24.Be2
Rbd8 25.c5 a5 26.b5 Nxc5 27.Bxa5 Ra8 28.bxc6 bxc6 29.Nc4 Rxd1+
30.Rxd1 Nxa4 31.Bd2 Kg7 32.Rb1 Nc5 33.Be3 Ra2 34.Bf1 Rc2 35.Na5
Nd7 36.Bd3 Rc3 37.Be4 c5 38.Nc6 Bf8 39.Rb7 Rb3 40.Nd8 Kg8 41.Nxe6
Rxb7 42.Bxb7 1-0

[Event "Master Open"]
[Site "Voronezh"]
[Date "2018.06.15"]
[Round "4.40"]
[White "Zaika, Daniil"]
[Black "Malyshev, Grigory"]
[Result "0-1"]
[WhiteElo "2118"]
[BlackElo "2362"]
[Annotator ""]
[Source ""]
[Remark ""]

1.d4 Nf6 2.c4 e6 3.Nf3 b6 4.Nc3 Bb4 5.Qc2 Bb7 6.a3 Bxc3+ 7.Qxc3
Ne4 8.Qc2 d6 9.e3 Nd7 10.Bd3 f5 11.O-O O-O 12.b4 Rf6 13.d5 Qe8
14.Nd4 exd5 15.cxd5 Ne5 16.f3 Nxd3 17.Qxd3 Ng5 18.Nxf5 Qe5 19.e4
Rxf5 20.Bxg5 Rxg5 21.f4 Ba6 22.Qxa6 Qd4+ 23.Kh1 Rg6 24.Qe2 Re8
25.Rae1 Rf6 26.Qc2 Rf7 27.h3 Rfe7 28.Rc1 h6 29.Qc3 Qxe4 30.Qc4
Qf5 31.Qb5 c5 32.Qc6 Qf6 33.bxc5 bxc5 34.Rb1 Re2 35.f5 Kh7 36.Qd7
R8e3 37.a4 c4 38.Qxa7 Qg5 39.Rg1 Qh4 0-1

[Event "Master Open"]
[Site "Voronezh"]
[Date "2018.06.15"]
[Round "4.41"]
[White "Yagupov, Igor"]
[Black "Yangutov, Aleksey"]
[Result "1-0"]
[WhiteElo "2359"]
[BlackElo "1975"]
[Annotator ""]
[Source ""]
[Remark ""]

1.e4 c5 2.Nf3 Nc6 3.d4 cxd4 4.Nxd4 Nf6 5.Nc3 e5 6.Ndb5 d6 7.Bg5
a6 8.Na3 b5 9.Bxf6 gxf6 10.Nd5 f5 11.Bd3 Be6 12.O-O Bxd5 13.exd5
Ne7 14.Re1 Bg7 15.c3 O-O 16.Qh5 e4 17.Bf1 Qc8 18.Rad1 Ng6 19.Nc2
Re8 20.g3 f4 21.Bh3 Qc4 22.Qe2 Qxa2 23.Nb4 Qa5 24.Bd7 f3 25.Qc2
Red8 26.Bf5 Re8 27.Bxe4 Qb6 28.Nc6 a5 29.Bxf3 Qc5 30.Rxe8+ Rxe8
31.Nxa5 Ra8 32.Nc6 Ne5 33.Be4 h6 34.Qe2 Re8 35.Nxe5 Rxe5 36.Qf3
b4 37.Rd3 Qc4 38.Rd4 Qa6 39.Rxb4 f5 40.Rb8+ 1-0

[Event "Master Open"]
[Site "Voronezh"]
[Date "2018.06.15"]
[Round "4.42"]
[White "Thrish, Karthik"]
[Black "Pogosyan, Stefan"]
[Result "0-1"]
[WhiteElo "2111"]
[BlackElo "2359"]
[Annotator ""]
[Source ""]
[Remark ""]

1.e4 c5 2.Nf3 e6 3.d4 cxd4 4.Nxd4 Nc6 5.Nb5 d6 6.c4 a6 7.N5c3
Nf6 8.Be2 Be7 9.Be3 O-O 10.O-O b6 11.Na3 Bb7 12.f3 Rc8 13.Qd2
Re8 14.Rfd1 Ne5 15.Rac1 Bf8 16.Bf1 d5 17.cxd5 exd5 18.Nxd5 Nxd5
19.Rxc8 Qxc8 20.exd5 b5 21.Bf2 Rd8 22.Qe3 Ng6 23.Nb1 Rxd5 24.Rxd5
Bxd5 25.Nc3 Bc6 26.Qb6 Nf4 27.a3 Ne6 28.Ne2 Bb7 29.Nc3 Qc6 30.Qxc6
Bxc6 31.Be3 Bd6 32.Bd3 h5 33.Ne4 Be5 34.b3 Bb2 35.a4 bxa4 36.bxa4
a5 37.Bd2 Bd4+ 38.Kf1 Bb6 39.Nc3 Kf8 40.Bb5 Bb7 41.Nb1 Nc7 42.Ke2
Nxb5 43.axb5 Bd5 44.Kd3 Ke7 45.Na3 Bc5 46.Nb1 Bb6 47.Na3 a4 48.Bb4+
Ke6 49.Nc4 Bc7 50.Nb2 Bb3 51.g3 Kd5 52.f4 Bb6 53.h3 f5 54.Bf8
g6 55.Ba3 Bf2 56.Ke2 Bxg3 57.Kf3 h4 58.Nd3 Kd4 59.Ne5 Bd5+ 60.Ke2
g5 61.Bb2+ Ke4 62.Nd7 Bc4+ 63.Kd1 Bxb5 64.Nc5+ Kd5 0-1

[Event "Master Open"]
[Site "Voronezh"]
[Date "2018.06.15"]
[Round "4.43"]
[White "Mendonca, Leon Luke"]
[Black "Peskov, Alexsey"]
[Result "1/2-1/2"]
[WhiteElo "2228"]
[BlackElo "2391"]
[Annotator ""]
[Source ""]
[Remark ""]

1.d4 Nf6 2.c4 e6 3.Nc3 Bb4 4.e3 c5 5.Bd3 Nc6 6.Nge2 O-O 7.O-O
cxd4 8.exd4 d5 9.a3 dxc4 10.Bxc4 Be7 11.Be3 b6 12.d5 Na5 13.Ba2
exd5 14.Nxd5 Nxd5 15.Bxd5 Bb7 16.Bxb7 Nxb7 17.Nd4 Qd5 18.Qb3
Qxb3 19.Nxb3 Bf6 20.Bd4 Na5 21.Nxa5 Bxd4 22.Nc4 b5 23.Nd6 a6
24.Rab1 Rfd8 25.Nb7 Rd7 26.Rfd1 Ra7 27.Rd2 Bxf2+ 28.Rxf2 Raxb7
29.Rc1 h6 30.Rc6 Rbc7 31.Rxc7 Rxc7 32.Rd2 Rc6 33.Rd8+ Kh7 34.Ra8
h5 35.Kf2 Re6 36.Ra7 f6 37.Kf3 Kh6 38.h4 Kg6 39.g3 Rc6 40.Kf4
Rc4+ 41.Kf3 Rc6 42.Kf4 Kh6 43.Ra8 Kh7 44.Ke4 Rd6 45.Ra7 Kh6 46.Ra8
Kg6 47.Kf4 Rd4+ 48.Kf3 Ra4 49.Ra7 Kh6 50.Rf7 b4 51.axb4 Rxb4
52.Ra7 Rb3+ 53.Kf4 g5+ 54.hxg5+ fxg5+ 55.Kf5 Rf3+ 56.Ke5 Rxg3
57.Rxa6+ Kg7 58.Ra7+ Kg6 59.Ra6+ Kf7 60.Ra7+ Ke8 61.Rh7 h4 62.b4
Kd8 63.b5 Kc8 64.Kd5 h3 65.b6 Rf3 66.Kc6 Rf6+ 67.Kb5 Rf3 68.Kc6
Rc3+ 69.Kb5 g4 70.Rh4 Rc1 71.Rh8+ Kd7 72.b7 Rb1+ 73.Ka6 Ra1+
74.Kb6 Rb1+ 75.Ka7 Ra1+ 76.Kb6 Ke6 77.b8Q Rb1+ 78.Ka7 Rxb8 79.Kxb8
Ke5 80.Kc7 Kf4 81.Kd6 g3 82.Rh4+ Kf3 83.Rxh3 Kf2 84.Rxg3 Kxg3 1/2-1/2

[Event "Master Open"]
[Site "Voronezh"]
[Date "2018.06.15"]
[Round "4.44"]
[White "Tsvetkov, Andrey"]
[Black "Lazarov, Alexander"]
[Result "1-0"]
[WhiteElo "2220"]
[BlackElo "2389"]
[Annotator ""]
[Source ""]
[Remark ""]

1.d4 Nf6 2.c4 c5 3.d5 b5 4.cxb5 a6 5.bxa6 g6 6.Nc3 Bg7 7.e4 d6
8.a7 Rxa7 9.Nf3 O-O 10.Be2 e6 11.O-O exd5 12.exd5 Re8 13.a4 Ne4
14.Nb5 Rae7 15.Bc4 Na6 16.Rb1 Nb4 17.Bf4 Bf5 18.Qb3 h6 19.h4
Nxf2 20.Nxd6 Bc2 21.Qa3 Bxb1 22.Rxb1 Nc2 23.Qxc5 Ne4 24.Nxe4
Rxe4 25.Bc7 Qd7 26.Bb5 Qf5 27.Qxc2 Bd4+ 28.Nxd4 Re1+ 29.Rxe1
Rxe1+ 30.Kh2 1-0

[Event "Master Open"]
[Site "Voronezh"]
[Date "2018.06.15"]
[Round "4.45"]
[White "Murtazin, Ruslan"]
[Black "Ibadov, Dashgyn"]
[Result "1-0"]
[WhiteElo "2308"]
[BlackElo "2214"]
[Annotator ""]
[Source ""]
[Remark ""]

1.e4 c5 2.Nf3 g6 3.d4 cxd4 4.Nxd4 Bg7 5.Be2 Nc6 6.Nb3 Nf6 7.Nc3
O-O 8.O-O d6 9.Re1 b6 10.Bf1 Bb7 11.Bg5 h6 12.Bf4 Rc8 13.Qd2
g5 14.Bg3 Nh5 15.Rad1 a6 16.Nd5 Ne5 17.Nd4 e6 18.Nc3 Qe7 19.Nf3
Nxg3 20.hxg3 Rfd8 21.Nxe5 dxe5 22.Bd3 b5 23.Qe3 g4 24.f3 gxf3
25.gxf3 Qg5 26.Qxg5 hxg5 27.a4 b4 28.Nb1 Bf8 29.Nd2 Bc5+ 30.Kg2
Bd4 31.b3 Bc3 32.Re2 Kg7 33.Nc4 Rc5 34.Rh1 Bc6 35.Kf1 Kf6 36.Ne3
a5 37.Rh7 Ke7 38.Reh2 Rxd3 39.cxd3 Bd4 40.Nc4 Be8 41.Rg7 Kf6
42.Rg8 Bc6 43.Rh6+ Ke7 44.Rxg5 Bc3 45.f4 Rxc4 46.dxc4 Bxe4 47.Rh2
Bd3+ 48.Re2 Kf6 49.Kf2 e4 50.Rxa5 Bd4+ 1-0

[Event "Master Open"]
[Site "Voronezh"]
[Date "2018.06.15"]
[Round "4.46"]
[White "Davydov, Sergey P."]
[Black "Nazaretyan, Tigran"]
[Result "1-0"]
[WhiteElo "2213"]
[BlackElo "2300"]
[Annotator ""]
[Source ""]
[Remark ""]

1.d4 Nf6 2.Nf3 b6 3.g3 Bb7 4.Bg2 g6 5.O-O Bg7 6.c4 O-O 7.Nc3
Ne4 8.Nxe4 Bxe4 9.d5 e6 10.Bg5 Bf6 11.Qd2 d6 12.Rad1 a5 13.Qf4
Bxg5 14.Nxg5 Bxg2 15.Kxg2 h6 16.Ne4 Kg7 17.dxe6 fxe6 18.Qe3 Nd7
19.Nc3 Nc5 20.Nb5 Rf7 21.b3 Qf6 22.a3 Qf5 23.Nd4 Qf6 24.b4 axb4
25.axb4 e5 26.Nb5 Ne6 27.Qe4 Ra2 28.Nc3 Rb2 29.Rb1 Rd2 30.Rbd1
Rxd1 31.Nxd1 Ng5 32.Qd3 h5 33.h4 Ne6 34.Ne3 Nd4 35.Nd5 Qe6 36.Qe4
b5 37.cxb5 Nxe2 38.Re1 Nxg3 39.fxg3 Qd7 40.Rc1 Qd8 41.Rf1 Rxf1
42.Kxf1 Qd7 43.Kg2 Kh6 44.Qc4 Qf5 45.Qc1+ Kg7 46.Qxc7+ Kh6 47.Qc4 1-0

[Event "Master Open"]
[Site "Voronezh"]
[Date "2018.06.15"]
[Round "4.47"]
[White "Ergeshov, Timur"]
[Black "Geshko, Aleksey"]
[Result "1-0"]
[WhiteElo "2290"]
[BlackElo "2213"]
[Annotator ""]
[Source ""]
[Remark ""]

1.d4 Nf6 2.c4 e6 3.Nc3 Bb4 4.Qc2 d5 5.a3 Bxc3+ 6.Qxc3 c5 7.dxc5
d4 8.Qc2 Nc6 9.b4 e5 10.e4 a5 11.Rb1 axb4 12.axb4 O-O 13.Bd3
h6 14.Ne2 Qe7 15.O-O Nh5 16.Bd2 Nd8 17.f4 exf4 18.Nxf4 Nxf4 19.Bxf4
Re8 20.Bd6 Qg5 21.Rf3 h5 22.Rbf1 Bg4 23.R3f2 Ra3 24.Bf4 Qg6 25.Bc1
Rc3 26.Qd2 Nc6 27.Bb2 Rb3 28.Qc2 Rxd3 29.Qxd3 Rxe4 30.Qd2 h4
31.b5 Ne5 32.Bxd4 Nxc4 33.Qd3 Be6 34.c6 bxc6 35.bxc6 Qg4 36.Bc3
Ne3 37.Re1 h3 38.Rxe3 Rxe3 39.Qxe3 hxg2 40.Rxg2 Qd1+ 41.Qe1 1-0

[Event "Master Open"]
[Site "Voronezh"]
[Date "2018.06.15"]
[Round "4.48"]
[White "Egorov, Pavel"]
[Black "Perov, German"]
[Result "0-1"]
[WhiteElo "2282"]
[BlackElo "2159"]
[Annotator ""]
[Source ""]
[Remark ""]

1.d4 Nf6 2.c4 e6 3.Nc3 Bb4 4.Nf3 d5 5.cxd5 exd5 6.Bg5 Qd6 7.Bxf6
Qxf6 8.Qa4+ Nc6 9.e3 O-O 10.Bb5 Bg4 11.Bxc6 Bxc3+ 12.bxc3 Bxf3
13.Bxb7 Rab8 14.Qc6 Qxc6 15.Bxc6 Bxg2 16.Rg1 Be4 17.Rg5 f5 18.c4
dxc4 19.Bxe4 fxe4 20.Rc1 Rb2 21.Rxc4 Rfxf2 22.Rxc7 Rxh2 23.Rgxg7+
Kh8 0-1

[Event "Master Open"]
[Site "Voronezh"]
[Date "2018.06.15"]
[Round "4.49"]
[White "Volotovsky, Kirill"]
[Black "Maltsevskaya, Aleksandra"]
[Result "1-0"]
[WhiteElo "2159"]
[BlackElo "2279"]
[Annotator ""]
[Source ""]
[Remark ""]

1.e4 c6 2.d4 d5 3.e5 Bf5 4.h4 h5 5.Bd3 Bxd3 6.Qxd3 e6 7.Bg5 Qa5+
8.Nd2 Qa6 9.c4 Ne7 10.Ngf3 Nf5 11.Qc3 Nd7 12.O-O Be7 13.Bxe7
Nxe7 14.a4 O-O 15.a5 dxc4 16.Nxc4 Nd5 17.Qc2 c5 18.Ng5 g6 19.Nd6
cxd4 20.Qe4 Nc5 21.Qxd4 Nb3 22.Qe4 Nd2 23.Qc2 Nxf1 24.Nxe6 Nd2
25.Nxf8 Qe2 26.Qc5 Nf3+ 27.gxf3 Qxf3 28.Qa3 Qg4+ 29.Qg3 Rxf8
30.Qxg4 hxg4 31.Rd1 Nb4 32.Nxb7 Nc6 33.e6 fxe6 34.Rd6 Ne5 35.Rxe6
Nf3+ 36.Kg2 Kg7 37.Ra6 Ne1+ 38.Kg3 Kh6 39.Kxg4 Rxf2 40.Rxa7 Rf7
41.a6 Nd3 42.Ra8 Rf4+ 43.Kg3 Ra4 44.a7 Kh7 45.Nd6 Ne5 46.Re8
Rxa7 47.Rxe5 Rd7 1-0

[Event "Master Open"]
[Site "Voronezh"]
[Date "2018.06.15"]
[Round "4.50"]
[White "Kochukova, Anna"]
[Black "Chapurin, Alexey V."]
[Result "1-0"]
[WhiteElo "2170"]
[BlackElo "2262"]
[Annotator ""]
[Source ""]
[Remark ""]

1.e4 e6 2.d4 d5 3.Nd2 dxe4 4.Nxe4 Bd7 5.Nf3 Bc6 6.Bd3 Bxe4 7.Bxe4
c6 8.c3 Nf6 9.Bc2 Bd6 10.O-O Nbd7 11.Re1 Qc7 12.Qe2 O-O-O 13.c4
Rhe8 14.Bd2 Bf4 15.Bc3 h6 16.b4 g5 17.Ne5 Bxe5 18.dxe5 Ng8 19.Qf3
Rf8 20.b5 Ne7 21.a4 Nb6 22.Bb3 Nf5 23.a5 Nd7 24.b6 axb6 25.axb6
Nxb6 26.Ba5 Nd4 27.Qe3 c5 28.Ba4 Nc6 29.Bxc6 Qxc6 30.Qb3 Nd7
31.Bxd8 Rxd8 32.Ra8+ Kc7 33.Rxd8 Kxd8 34.Qd3 Qa4 35.Rd1 Ke8 36.Qd6
g4 37.g3 h5 38.h4 Qc6 39.Qxc6 bxc6 40.Re1 Kf8 41.f3 gxf3 42.Kf2
Nb6 43.Re4 Kg7 44.Kxf3 Kg6 45.Rf4 Nd7 46.Ke4 Nb6 47.Rf6+ Kg7
48.Rf2 Nxc4 49.Rc2 Nb6 50.Rxc5 Nd5 51.Rxc6 Ne7 52.Rc3 Nf5 53.Rf3
Nh6 54.Ra3 Kh7 55.Kf4 Kg6 56.Ra8 Nf5 57.Rg8+ Kh6 58.Rg5 Ne7 59.Ke4
Nc6 60.Kd3 Ne7 61.Kc4 Nd5 62.Kd4 Ne7 63.Kc5 Nd5 64.Kd6 Nc3 65.Ke7
Ne4 66.Rg8 Kh7 67.Kxf7 1-0